| 000 | 00376nam a2200157Ia 4500 | ||
|---|---|---|---|
| 008 | 230917s9999||||xx |||||||||||||| ||und|| | ||
| 040 |
_e112450 _aMAIN |
||
| 041 | _aEnglish | ||
| 082 | _a005.82 S58A | ||
| 100 | _aSchneier, Bruce | ||
| 245 | 0 | _aApplied cryptography | |
| 250 | _a2nd ed. | ||
| 260 |
_aNew Yark _bJohn Wiley _c2005 |
||
| 300 | _axxiii, 758 p. | ||
| 942 | _cBK | ||
| 999 |
_c137892 _d137892 |
||